Statistiken für Die zehn Plagen Ägyptens

Klicken Sie hier um das Quiz zu spielen!

Allgemein

  • Dieses Quiz wurde 893 mal gespielt
  • Das Durchschnittsergebnis liegt bei 5 aus 10

Antwortstatistiken

# Plage % Korrekt
8Heuschrecken
90%
10Tod des {Erstgeborenen}
75%
1Blut
64%
2Frösche
56%
5Viehpest
49%
9Finsternis
33%
4Stechfliegen
28%
3Stechmücken
25%
7Hagel
24%
6Geschwüre
13%

Verteilung der Resultate

Perzentil nach korrekt beantworteten Fragen

Anzahl Personen mit jedem Resultat

Ihre Resultats-Entwicklung

Sie haben dieses Quiz noch nicht gespielt